Catálogo público

Cebutecnia / (Record no. 162984)

MARC details
000 -CABECERA
campo de control de longitud fija 01088nam a2200361Ia 4500
001 - NÚMERO DE CONTROL
campo de control Z_18
003 - IDENTIFICADOR DEL NÚMERO DE CONTROL
campo de control CHAP
008 - DATOS DE LONGITUD FIJA--INFORMACIÓN GENERAL
campo de control de longitud fija 220113s1986 xx 000 0 und d
010 ## - NÚMERO DE CONTROL DE LA BIBLIOTECA DEL CONGRESO
Número de control de LC 162984
020 ## - NÚMERO INTERNACIONAL ESTÁNDAR DEL LIBRO
Número Internacional Estándar del Libro 950-02-3038-0
040 ## - FUENTE DE LA CATALOGACIÓN
Centro/agencia transcriptor CHAP
082 ## - NÚMERO DE LA CLASIFICACIÓN DECIMAL DEWEY
Número de clasificación 636.291 H45
100 ## - ENTRADA PRINCIPAL--NOMBRE DE PERSONA
Nombre de persona Helman, Mauricio B.
9 (RLIN) 53464
245 ## - MENCIÓN DE TÍTULO
Título Cebutecnia /
Mención de responsabilidad, etc. Mauricio B. Helman; diseño de la tapa Federico Helman
250 ## - MENCIÓN DE EDICIÓN
Mención de edición 2a ed.
260 ## - PUBLICACIÓN, DISTRIBUCIÓN, ETC.
Lugar de publicación, distribución, etc. Argentina :
Nombre del editor, distribuidor, etc. El Ateneo,
Fecha de publicación, distribución, etc. 1986
300 ## - DESCRIPCIÓN FÍSICA
Extensión XXXIII, 549 p.
503 ## - NOTA DE HISTORIA BIBLIOGRÁFICA (BK CF MU) [OBSOLETO]
Nota de historia bibliográfica ej.1: 146346 \ ej.2: 168203
504 ## - NOTA DE BIBLIOGRAFÍA, ETC.
Nota de bibliografía, etc. Bibibliografía: p. 535 - 536, incluye índice
650 ## - PUNTO DE ACCESO ADICIONAL DE MATERIA--TÉRMINO DE MATERIA
Término de materia o nombre geográfico como elemento de entrada Ganada vacuno
Subdivisión general
-- Anatomía y fisiología
9 (RLIN) 137202
650 ## - PUNTO DE ACCESO ADICIONAL DE MATERIA--TÉRMINO DE MATERIA
Término de materia o nombre geográfico como elemento de entrada Ganadao vacuno
Subdivisión general
-- Reproducción
9 (RLIN) 137203
650 #7 - PUNTO DE ACCESO ADICIONAL DE MATERIA--TÉRMINO DE MATERIA
Término de materia o nombre geográfico como elemento de entrada Ganado cebú
Fuente del encabezamiento o término
9 (RLIN) 45056
650 ## - PUNTO DE ACCESO ADICIONAL DE MATERIA--TÉRMINO DE MATERIA
Término de materia o nombre geográfico como elemento de entrada Ganado vacuno
Subdivisión general
-- Alojamiento
9 (RLIN) 137204
650 ## - PUNTO DE ACCESO ADICIONAL DE MATERIA--TÉRMINO DE MATERIA
Término de materia o nombre geográfico como elemento de entrada Ganado vacuno
Subdivisión general
-- Producción
9 (RLIN) 137205
650 ## - PUNTO DE ACCESO ADICIONAL DE MATERIA--TÉRMINO DE MATERIA
Término de materia o nombre geográfico como elemento de entrada Ganado vacuno
Subdivisión general
-- Razas
9 (RLIN) 137206
700 ## - PUNTO DE ACCESO ADICIONAL--NOMBRE DE PERSONA
Nombre de persona Helman, Federico, diseño de la tapa
9 (RLIN) 137207
901 ## - ELEMENTOS DE DATOS A LOCAL LDA (RLIN)
a 636.291 H45
902 ## - ELEMENTOS DE DATOS B LOCAL, LDB (RLIN)
a M
910 ## - DATOS DE OPCIÓN DEL USUARIO (OCLC)
Datos de opción del usuario 1986
942 ## - ELEMENTOS DE PUNTO DE ACCESO ADICIONAL (KOHA)
Tipo de ítem Koha Libro_
942 ## - ELEMENTOS DE PUNTO DE ACCESO ADICIONAL (KOHA)
Tipo de ítem Koha
Holdings
Estado de retiro Estado de pérdida Fuente del sistema de clasificación o colocación Estado dañado No para préstamo Código de colección Localización permanente Ubicación/localización actual Ubicación en estantería Fecha de adquisición Código de barras Fecha visto por última vez Número de copia Precio válido a partir de Tipo de ítem Koha Información codificada de la localización en otra ubicación Total de préstamos Fecha del último préstamo Nota pública
    Dewey Decimal Classification     General Zootecnia Zootecnia   09/11/2005 z_0571 18/01/2022 1 18/01/2022 Libro        
            Zootecnia Zootecnia   04/11/2014 z_6385 07/05/2024 2 18/01/2022 Libro 1 1 07/05/2024 3